000 00519nam a2200181 4500
001 123865
003 ES-MaACL
005 20251014063201.0
007 t|
008 070214s1971 sp r ||||1| spa d
100 1 _aRamírez, Víctor,
_d1944-
_9139324
245 1 0 _aCada cual arrastra su sombra /
_cVíctor Ramírez.
250 _a1ª ed.
260 _aLas Palmas :
_bInventarios Provisionales,
_c1971.
300 _a116 p. ;
_c20 cm.
852 _aES-MaACL
_jC-44834
_bR.80407
999 _c123865
_d123865